| 000 | 00608cam a22002171 4500 | ||
|---|---|---|---|
| 005 | 20260322212035.0 | ||
| 008 | data | ||
| 010 | _a 45001618 | ||
| 040 |
_aDLC _cDLC _dDLC |
||
| 050 | 1 | 0 |
_aPZ7.D644 _bShj |
| 050 | 0 | 0 | _aMicrofilm PZ |
| 099 | _aDIXONF | ||
| 100 | 1 | _aDixon, Franklin W. | |
| 245 | 1 | 4 |
_aThe short-wave mystery, _cFranklin W. Dixon. |
| 260 |
_aNew York, _bGrosset & Dunlap _c[1945] |
||
| 300 |
_avi, 217 p. _bincl. front. _c20 cm. |
||
| 490 | 0 | _aHis Hardy boys mystery stories | |
| 533 |
_aMicrofilm. _bWashington, D.C., _cLibrary of Congress. |
||
| 590 | _aLC replaced by microfilm. | ||
| 001 | data | ||
| 999 |
_c819 _d819 |
||